000 00747nam a2200241Ia 4500
003 OSt
005 20220926020414.0
006 a|||||r|||| 00| 0
007 ta
008 220923b |||||||| |||| 00| 0 eng d
020 _a9781138022775
_c2380.1199999999999
037 _b12667, 22/03/2016, Elite Publisher Distributors
_cGeneral Book
040 _aRTL
_cRTL
_beng
041 _2eng
_aeng
082 _aY:(D6,9(B), Q5
100 _aLUPTON Deborah
_9290904
245 0 _aDigital sociology
260 _aNew York
_bRoutledge
_c2015
300 _av, 230p
_ccm.
650 _aSociology
942 _hY:(D6,9(B), Q5
_cGB
_2CC
999 _c634137
_d634137